000 00334 a2200157 4500
001 179598
020 _a
040 _cMagnum
100 _aPrieto, Heloisa
240 1 0 _aA carta do pirata
_lpor
245 1 0 _aA carta do pirata
362 0 _a1899
440 1 _aScipione
697 _aMAGNITO: IJ/AVENTURA, CRIANCAS
942 _cBK
999 _c179598
_d179598